|
|
|
|
| LEADER |
00000cam a2200000 a 4500 |
| 001 |
vtls010080138 |
| 003 |
SK-MaSNL |
| 005 |
20260301083637.0 |
| 008 |
240313s2010 xo a b 000 f slo |
| 015 |
|
|
|a SNBA2010/06-03581
|
| 020 |
|
|
|a 9788080855093
|q (viaz.)
|
| 035 |
|
|
|a 31832469-FAFB-4480-8836-5A11A3DF74CA
|
| 035 |
|
|
|a urn:nbn:sk:snk-amka5e
|
| 035 |
|
|
|a urn:nbn:sk:snk-am008a0p
|
| 040 |
|
|
|a SNK
|b slo
|c SNK
|e AACR2
|
| 041 |
0 |
|
|a slo
|
| 044 |
|
|
|a xo
|c SK
|
| 072 |
|
7 |
|a 821.162.4-3
|x Slovenská próza
|2 konspekt
|
| 072 |
|
7 |
|a 821-93
|x Literatúra pre deti a mládež
|2 konspekt
|
| 080 |
|
|
|a 821.162.4-34
|2 2001
|
| 080 |
|
|
|a 821-93
|2 2001
|
| 100 |
1 |
|
|a Taragel, Dušan,
|d 1961-
|4 aut
|9 105688
|
| 245 |
1 |
0 |
|a Rozprávky pre neposlušné deti a ich starostlivých rodičov
|c Dušan Taragel, Jozef Gertli Danglár
|
| 250 |
|
|
|a 1. vyd.
|
| 260 |
|
|
|a Bratislava
|b Slovart
|c 2010
|
| 300 |
|
|
|a 162 s.
|b fareb. ilustr.
|c 24 cm
|
| 655 |
|
7 |
|a slovenské rozprávky
|2 SNKPH
|9 70528
|
| 655 |
|
7 |
|a publikácie pre deti
|2 SNKPH
|9 70148
|
| 700 |
1 |
|
|a Gertli, Jozef,
|d 1962-
|4 ill
|9 251528
|
| 919 |
|
|
|a 978-80-8085-509-3
|
| 958 |
|
|
|a LX
|
| 958 |
|
|
|a DB
|
| 968 |
|
|
|d 821
|
| 999 |
|
|
|c 661069
|d 662999
|
| 952 |
|
|
|a SNK
|b SNK
|y PREZ
|7 0
|p 17A0659986
|o snkSC 140512
|i snk2010/11123
|8 0
|0 0
|1 0
|4 0
|d 2010-05-25
|l 0
|r 2025-07-08 00:00:00
|w 2026-02-23
|
| 952 |
|
|
|a SNK
|b SNK
|y VYP
|7 0
|p 17A0659987
|o snkSC 140512 D1
|i snk2010/11124
|8 0
|0 0
|1 0
|4 0
|d 2010-05-25
|l 0
|r 2026-02-23 18:53:20
|w 2026-02-23
|